| 000 | 00500nam a2200145 i 4500 | ||
|---|---|---|---|
| 001 | 92865 | ||
| 003 | ES-MaACL | ||
| 005 | 20230906181056.0 | ||
| 007 | t| | ||
| 008 | 050330s1932 sp ||||1| spa d | ||
| 245 | 0 | 0 | _aLista de establecimientos de horticultura, jardineria y arboricultura... que reunen las condiciones acordadas por la Convención Filoxérica de Berna. |
| 260 |
_aMadrid : _bServicio de Publicaciones Agrícolas, _c1932. |
||
| 300 |
_a24 p. ; _c21 cm. |
||
| 852 |
_aES-MaACL _j1762-F-17 |
||
| 999 |
_c92865 _d92865 |
||